|
|
|
|
| LEADER |
00723nam a2200241Ia 4500 |
| 008 |
240830s9999 xx 000 0 und d |
| 020 |
|
|
|a 84-481-3001-4
|
| 040 |
|
|
|a B-ESTELÍ- RUACS / 005.43 S623
|
| 041 |
|
|
|a spa
|
| 082 |
|
|
|a 005.43 S623
|
| 100 |
1 |
|
|a Carretero Pérez, Jesús
|
| 245 |
1 |
0 |
|a Sistemas operativos. Una visión aplicada
|
| 260 |
|
|
|a España
|b México
|c 2001
|
| 300 |
|
|
|a 732 p. :il
|
| 650 |
7 |
|
|a SISTEMAS OPERATIVOS - PROCESOS
|
| 650 |
7 |
|
|b GESTION DE MEMORIA
|
| 650 |
7 |
|
|c SINCRONIZACION DE PROCESOS - SEGURIDAD Y PROTECCION
|
| 650 |
7 |
|
|d GESTION DE ARCHIVOS
|
| 650 |
7 |
|
|e ESTUDIOS DE CASOS - WINDOWS NT
|
| 650 |
7 |
|
|f ESTUDIO DE CASOS - LINUX
|
| 942 |
|
|
|c BK
|2 ddc
|
| 991 |
|
|
|a TEXTO
|
| 999 |
|
|
|c 10590
|